| 000 | 00645nam a2200229Ia 4500 | ||
|---|---|---|---|
| 003 | OSt | ||
| 005 | 20220926035841.0 | ||
| 006 | a|||||r|||| 00| 0 | ||
| 007 | ta | ||
| 008 | 220923b |||||||| |||| 00| 0 eng d | ||
| 037 | _cGeneral Book | ||
| 040 |
_aRTL _cRTL _beng |
||
| 041 |
_2eng _aeng |
||
| 082 | _aX:93, J8-;1 | ||
| 110 |
_aInstitute of Cost and Work Accountants (London) _9342499 |
||
| 245 | 0 | _aEmployee remunerttion and incentives | |
| 260 | _c1958 | ||
| 650 |
_aWages _9229845 |
||
| 700 |
_aInstitute of Cost and Work Accountants (London) _9342500 |
||
| 942 |
_hX:93, J8-;1 _cGB _2CC |
||
| 999 |
_c663200 _d663200 |
||